Presidents of India - Statistics

General Stats
  • This quiz has been taken 43 times
  • The average score is 8 of 14
Answer Stats
Term President % Correct
2002–2007 APJ Abdul Kalam
79%
1950–1962 Rajendra Prasad
79%
2017– Ram Nath Kovind
76%
1962–1967 Sarvepalli Radhakrishnan
72%
2012–2017 Pranab Mukherjee
66%
1982–1987 Giani Zail Singh
62%
2007–2012 Pratibha Patil
62%
1997–2002 Kocheril Raman Narayanan
55%
1967–1969 Zakir Hussain
55%
1992–1997 Shankar Dayal Sharma
48%
1969–1974 Varahagiri Venkata Giri
48%
1974–1977 Fakhruddin Ali Ahmed
45%
1977–1982 Neelam Sanjiva Reddy
38%
1987–1992 Ramaswamy Venkatraman
21%
No matching quizzes found
Score Distribution
Percent of People with Each Score
Percentile by Number Answered
Your Score History
You have not taken this quiz